000
00272nam a22001217a 4500
008
260316b ||||| |||| 00| 0 eng d
041
_a
eng
080
_a
2.1
100
_a
20.1
101
_a
ngjarje
245
_a
Selia e Shenjtë dhe Kriza në Kosovë
942
_2
udc
_c
BK
999
_c
60903
_d
60903